Report of the First Maharashtra Finance Commission, 1997 (Record no. 490816)

000 -LEADER
fixed length control field 00509cam a22001457a 4500
008 - FIXED-LENGTH DATA ELEMENTS--GENERAL INFORMATION
fixed length control field 180718b1997 xxu||||| |||| 00| 0 eng d
082 ## - DEWEY DECIMAL CLASSIFICATION NUMBER
Classification number Lx5442 F
100 ## - MAIN ENTRY--PERSONAL NAME
Personal name Maharashtra. Finance Commission
245 ## - TITLE STATEMENT
Title Report of the First Maharashtra Finance Commission, 1997
Statement of responsibility, etc. by State Finance Commission, Maharashtra
260 ## - PUBLICATION, DISTRIBUTION, ETC.
Place of publication, distribution, etc. Mumbai
Name of publisher, distributor, etc. The Commission
Date of publication, distribution, etc. 1997
300 ## - PHYSICAL DESCRIPTION
Extent 253+p.
500 ## - GENERAL NOTE
General note Chairman: Makarand K. Herwadkar
650 ## - SUBJECT ADDED ENTRY--TOPICAL TERM
Topical term or geographic name entry element Finance - India - Maharashtra
700 ## - ADDED ENTRY--PERSONAL NAME
Personal name Herwadkar, Makarand K. (Chairman)
Holdings
Withdrawn status Lost status Damaged status Not for loan Permanent Location Current Location Date acquired Full call number Barcode Date last seen Price effective from Koha item type
        Indian Institute of Public Administration Indian Institute of Public Administration 2018-08-04 Lx5442 F GG25774 2018-08-04 2018-08-04 GG

Powered by Koha